| 000 | 00351nam a2200121Ia 4500 | ||
|---|---|---|---|
| 008 | 220217s9999||||xx |||||||||||||| ||und|| | ||
| 082 | _a001 CSR | ||
| 100 | _aCompetition Success Review | ||
| 245 | 0 | _aCompetition success review year book 2005 | |
| 260 |
_aCompetition success review _bNew Delhi _c2004 |
||
| 300 | _b260 | ||
| 650 | _aGENERAL BOOKS | ||
| 999 |
_c173156 _d173156 |
||